Responses for Show #5322 - Tuesday, October 30, 2007

Paul Glaser game 3.

Contestants

[<< previous game]

Kevin Hullihan, an Air Force officer from Great Falls, Montana

Linda Ulery, a stay-at-home mom from Glendora, California

Paul Glaser, a research scientist from Albany, New York (whose 2-day cash winnings total $60,401)

[next game >>]

Jeopardy! Round responses

LIKE, IT'S TOTALLY THE VALLEY
SPORTS QUOTES
MSSNG VWLS
(Alex: You'll have to give us the full word, of course.)
BORN & DIED
WAR
PIECE
    $200 16
Valley Forge

Kevin
    $200 26
Musial

Linda
    $200 21
an igloo

Paul
    $200 11
John Lennon

Paul
    $200 6
the Hundred Years' War

Paul
    $200 1
Monopoly

Paul
    $400 17
Death Valley

Paul
    $400 27
Johnny Bench

Paul
    $400 22
opal

Paul
    $400 12
Martin Luther King, Jr.

Kevin
    $400 7
the '50s

Kevin
    $400 2
Trivial Pursuit

Paul
    $600 18
(Kevin: What are the Appalachians?)
(Alex: Be more specific.)

the Blue Ridge Mountains

Kevin
    $600 28
Yogi Berra

Kevin
    $3,000 23
(Paul: [Responding before Alex has finished reading the clue] What is [*]?)
(Alex: "...B". Oh, you're fast.)
(Paul: Sorry.)
(Alex: Too fast, sometimes.)

an oboe

Paul
    $600 13
Alfred Hitchcock

Kevin
    $600 8
Normandy

Kevin
    $600 3
Clue

Paul
    $800 19
the Tennessee Valley Authority

Paul
    $800 29
Sandra Day O'Connor

Paul
    $800 24
Uganda

Paul
    $800 14
(Douglas) MacArthur

Kevin
    $800 9
Messerschmitt

Paul
    $800 4
Risk

Kevin
    $1000 20
(Alex: You are right, in Egypt.)

the Valley of the Kings

Kevin
    $1000 30
(Casey) Stengel

Paul
    $1000 25
an alpaca

Paul
    $1000 15
(Alex: I'm sure you remember the incident. [*]. On the plane.)

Howard Hughes

Triple Stumper
    $1000 10
the Swiss Guard

Linda
    $1000 5
a rook

Paul

Scores at the first commercial break (after clue 15):

Paul Linda Kevin
$3,400 $1,000 $3,600

Scores at the end of the Jeopardy! Round:

Paul Linda Kevin
$12,200 $1,200 $6,000

Double Jeopardy! Round responses

THE BODY HUMAN
POP DIVA TURNS MOVIE STAR
17th CENTURY ART
GEMS & JEWELRY
FICTIONAL FEMALES
FOOD WORDS & PHRASES
    $400 6
hemoglobin

Linda
    $400 18
(Paul: What is Dreamgirls?)

Lady Sings the Blues

PaulLinda
    $400 11
London

Paul
    $400 14
Tiffany

Paul
    $400 26
Lolita

Kevin
    $400 1
the mustard

Kevin
    $800 7
TMJ

Kevin
    $800 19
9 to 5

Linda
    $800 12
the ceiling

Paul
    $800 15
amber

Kevin
    $800 27
Fear of Flying

Linda
    $800 2
frosting

Linda
    $1200 8
the small intestine

Kevin
    $1200 20
Glitter

Kevin
    $1200 13
Louis XIV

Triple Stumper
    $1200 16
Africa

Kevin
    $1200 28
Becky Sharp

Triple Stumper
    $1200 3
[Paul's response of "an ice cream cone" was accepted as correct, but the usual term for the catch described in the clue is a "snow cone catch".]

an ice cream cone

Paul
    $1600 9
the biceps

Triple Stumper
    $1600 21
Crossroads

Paul
    $1600 24
landscape

Triple Stumper
    $1600 17
turquoise

Linda
    $4,000 29
(Linda: Who is Jane Eyre?)
(Alex: No, who is [*], from Jane Austen.)

Emma

Linda
    $3,400 4
buttering you up

Paul
    $2000 10
synapses

Kevin
    $2000 22
Poetic Justice

Triple Stumper
    $2000 25
Diego Velázquez

Triple Stumper
    $2000 23
Claddagh

Kevin
    $2000 30
Kinsey Millhone

Triple Stumper
    $2000 5
(Kevin: What is leg-of-lamb?)

leg-of-mutton

PaulKevin

Scores at the end of the Double Jeopardy! Round:

Paul Linda Kevin
$21,600 $2,000 $14,000

[wagering suggestions for these scores]

Final Jeopardy! Round responses

LICENSE PLATES OF THE FAMOUS
LindaWho is Fr Flanaga
$1,999
KevinWho Warren Buffett?
$14,000
PaulWho is Buffett?
$6,401
Warren Buffett

Final scores:

Paul Linda Kevin
$28,001 $1 $28,000
3-day champion: $88,402 3rd place: $1,000 2nd place: $2,000

Game dynamics:

Coryat scores:

Paul Linda Kevin
$17,400 $6,000 $14,000
24 R
(including 2 DDs),
1 W
8 R,
1 W
(including 1 DD)
19 R,
1 W

Combined Coryat: $37,400

[game clues] [game scores] [suggest correction]

Game tape date: 2007-08-13
The J! Archive is created by fans, for fans. Scraping, republication, monetization, and malicious use prohibited; this site may use cookies and collect identifying information. See terms. The Jeopardy! game show and all elements thereof, including but not limited to copyright and trademark thereto, are the property of Jeopardy Productions, Inc. and are protected under law. This website is not affiliated with, sponsored by, or operated by Jeopardy Productions, Inc. Join the discussion at JBoard.tv.